000 00804nam a22002177a 4500
999 _c19558
_d19558
003 AR-CdUCM
008 190518b ||||| |||| 00| 0 spa d
040 _aMUNICIPALIDAD PROVINCIAL DEL CUSCO
_cBIBLIOTECA MUNICIPAL DEL CUSCO
082 _a335.5 /
_bB25
100 _aBartra, Roger
_937301
245 _aMarxismo y sociedades antiguas :
_bel modo de producción Asiático y el México prehispánico /
260 _aMéxico D. F. :
_bGrijalbo,
_c1975.
300 _a154 páginas ;
_bcuadros,
_c19 cm.
440 _aColección 70 / Tercera Serie
_n142
_940970
505 _aContenido: Teoría y crítica -- Ensayos de interpretación marxista del México antiguo.
650 _aMarxismo
_924
650 _aSociedades
_92772
650 _aMéxico
_918
942 _2ddc
_cLIBROS
945 _aachl
_d2019-05-18